ՀՀ Գիտությունների ազգային ակադեմիայի հիմնարար գիտական գրադարան  =   Fundamental Scientific Library of NAS RA

Сельскохозяйственные машины и запасные части к ним : (Record no. 469933)

MARC details
000 -LEADER
fixed length control field 01497nam a2200253 a 4500
001 - CONTROL NUMBER
control field 000672628
003 - CONTROL NUMBER IDENTIFIER
control field AM-YeHGA
005 - DATE AND TIME OF LATEST TRANSACTION
control field 20250617161341.0
008 - FIXED-LENGTH DATA ELEMENTS--GENERAL INFORMATION
fixed length control field 090707s1953 ai | |||||||||||||rus|d
040 ## - CATALOGING SOURCE
Original cataloging agency AM-YeHGA
041 0# - LANGUAGE CODE
Language code of text/sound track or separate title rus
090 ## - LOCALLY ASSIGNED LC-TYPE CALL NUMBER (OCLC); LOCAL CALL NUMBER (RLIN)
-- 473177
245 00 - TITLE STATEMENT
Title Сельскохозяйственные машины и запасные части к ним :
Remainder of title Справочник /
Statement of responsibility, etc. Мин. с.-х. машиностр. СССР; Сост. Т.П. Байков, А.А. Вексер и др.; Под ред. Д.И. Соловева.
250 ## - EDITION STATEMENT
Edition statement 2-е исправл. и доп. изд.
260 ## - PUBLICATION, DISTRIBUTION, ETC.
Place of publication, distribution, etc. Москва :
Name of publisher, distributor, etc. Машгиз,
Date of publication, distribution, etc. 1953.
300 ## - PHYSICAL DESCRIPTION
Extent Кн. ;
Dimensions 25 см.
505 00 - FORMATTED CONTENTS NOTE
Miscellaneous information Кн. 1 (1953, 616 с., табл., рис.) :
Title Машины для обработки почвы, посева и посадки, для защиты растений и для животноводческих ферм
Miscellaneous information Кн. 2 (1953, 600 с., табл., рис.) :
Title Машины для уборки трав, зерновых и технических культур
650 14 - SUBJECT ADDED ENTRY--TOPICAL TERM
Topical term or geographic name entry element Механизация сельского хозяйства
650 14 - SUBJECT ADDED ENTRY--TOPICAL TERM
Topical term or geographic name entry element Справочники по сельхозмашинам
700 1# - ADDED ENTRY--PERSONAL NAME
Personal name Байков, Т.П.
Relator term сост.
Relationship com
700 1# - ADDED ENTRY--PERSONAL NAME
Personal name Вексер, А.А.
Relator term сост.
Relationship com
700 1# - ADDED ENTRY--PERSONAL NAME
Personal name Соловьева, Д.И.
Relator term ред.
Relationship edt
710 2# - ADDED ENTRY--CORPORATE NAME
Corporate name or jurisdiction name as entry element Министерство сельскохозяйственного машиностроения СССР
Holdings
Withdrawn status Lost status Damaged status Not for loan Collection Home library Current library Date acquired Serial enumeration / chronology Total checkouts Full call number Barcode Date last seen Price effective from Koha item type Public note
        General Fundamental Scientific Library Fundamental Scientific Library 04/05/2018 Кн. 1   РД III/3289 FL0491164 04/05/2018 04/05/2018 Գրքեր / Books 30 Days Loan
        General Fundamental Scientific Library Fundamental Scientific Library 04/05/2018 Кн. 2   РД III/3290 FL0491165 04/05/2018 04/05/2018 Գրքեր / Books 30 Days Loan


ՀՀ ԳԱԱ հիմնարար գիտական գրադարան
ՀՀ,Երևան 0019
Մարշալ Բաղրամյան 24/6
հեռախոս:(374-10) 52-47-50
Հետադարձ կապ

All site content, except where otherwise noted, is licensed under a
Creative Commons License